| 000 | 00578nam a2200193 i 4500 | ||
|---|---|---|---|
| 001 | 39874 | ||
| 003 | ES-MaACL | ||
| 005 | 20250804063355.0 | ||
| 007 | t| | ||
| 008 | 030304s1980 sp ||||1| spa d | ||
| 100 | 1 |
_aCandel, Francisco, _d1925-2007 _934448 |
|
| 245 | 1 | 3 |
_aUn charnego en el Senado / _cFrancisco Candel. |
| 250 | _a[2ª ed.]. | ||
| 260 |
_a[Barcelona] : _bPlaza & Janés, _c[1980] |
||
| 300 |
_a459 p. ; _c19 cm. |
||
| 651 | 4 |
_aEspaña- _xHistoria- _y1975-1982, Transición. _9149272 |
|
| 852 |
_aES-MaACL _jL-1068 _bR.100843 |
||
| 999 |
_c39874 _d39874 |
||